Sửa ampli hifi - stereo
Hướng dẫn sửa chữa ampli kể cả những hư hỏng thường gặp nhất. Hệ thống loa hư và cách sửa như thế nào cũng được phân tích rõ ràng. đặc biệt là ampli công suất lớn và ampli điều khiển từ xa được nhấn mạnh về mạch điện và các ph...
Đã lưu trong:
| 主要作者: | |
|---|---|
| 格式: | 图书 |
| 语言: | Undetermined |
| 出版: |
Thành phố Hồ Chí Minh
Sở Giáo dục
1996
|
| 主题: | |
| 标签: |
添加标签
没有标签, 成为第一个标记此记录!
|
| Thư viện lưu trữ: | Trung tâm Học liệu Trường Đại học Cần Thơ |
|---|
| LEADER | 01025nam a2200205Ia 4500 | ||
|---|---|---|---|
| 001 | CTU_37520 | ||
| 008 | 210402s9999 xx 000 0 und d | ||
| 020 | |c 19000 | ||
| 082 | |a 621.3840288 | ||
| 082 | |b U502 | ||
| 100 | |a Phan, Tấn Uẩn | ||
| 245 | 0 | |a Sửa ampli hifi - stereo | |
| 245 | 0 | |c Phan Tấn Uẩn | |
| 260 | |a Thành phố Hồ Chí Minh | ||
| 260 | |b Sở Giáo dục | ||
| 260 | |c 1996 | ||
| 520 | |a Hướng dẫn sửa chữa ampli kể cả những hư hỏng thường gặp nhất. Hệ thống loa hư và cách sửa như thế nào cũng được phân tích rõ ràng. đặc biệt là ampli công suất lớn và ampli điều khiển từ xa được nhấn mạnh về mạch điện và các phương pháp tìm hỏng để đạt được kết quả nhanh nhất | ||
| 650 | |a Electronics,Radio | ||
| 904 | |i Bạch Trúc | ||
| 980 | |a Trung tâm Học liệu Trường Đại học Cần Thơ | ||